Progressively Smaller South American Cities - Statistics

General Stats
  • This quiz has been taken 486 times
  • The average score is 39 of 100
Answers on the Map
Answers color-coded by a green-red scale on the quiz's map according to % correct below.
 
Answer Stats
Country Population Answer % Correct
Colombia 7,876,000 Bogotá
100%
Peru 11,166,200 Lima
100%
Brazil 11,877,700 São Paulo
100%
Argentina 2,890,151 Buenos Aires
99%
Brazil 6,729,830 Rio de Janeiro
99%
Chile 6,160,040 Santiago
99%
Brazil 2,718,082 Brasilia
98%
Venezuela 3,242,000 Caracas
98%
Ecuador 2,650,288 Guayaquil
90%
Colombia 2,382,399 Medellín
88%
Ecuador 1,763,275 Quito
87%
Brazil 2,257,580 Manaus
85%
Brazil 2,574,412 Fortaleza
84%
Brazil 2,416,339 Belo Horizonte
83%
Uruguay 1,304,687 Montevideo
83%
Colombia 2,234,400 Cali
81%
Argentina 1,317,298 Córdoba
80%
Venezuela 2,262,600 Maracaibo
76%
Brazil 1,391,270 Belém
75%
Bolivia 1,442,396 Santa Cruz
75%
Brazil 1,386,800 Porto Alegre
74%
Brazil 1,829,225 Curitiba
71%
Bolivia 757,184 La Paz
70%
Argentina 948,312 Rosario
69%
Brazil 1,492,330 Goiânia
67%
Peru 1,125,400 Arequipa
66%
Colombia 931,500 Cartagena
63%
Venezuela 1,585,500 Valencia
63%
Paraguay 462,241 Asunción
55%
Brazil 785,368 Natal
55%
Bolivia 630,587 Cochabamba
54%
Brazil 994,130 Maceió
47%
Brazil 833,387 João Pessoa
46%
Peru 492,400 Cusco
44%
Brazil 855,820 Teresina
43%
Venezuela 893,400 Ciudad Guayana
41%
Argentina 520,683 Salta
41%
Brazil 635,828 Cuiabá
39%
Argentina 548,866 San Miguel de Tucumán
38%
Suriname 240,924 Paramaribo
36%
Colombia 570,752 Bucaramanga
35%
Chile 352,638 Antofagasta
34%
Peru 663,200 Chiclayo
31%
Peru 430,700 Iquitos
31%
Brazil 457,300 Boa Vista
30%
Guyana 118,369 Georgetown
30%
Peru 547,100 Piura
30%
Brazil 597,288 Joinville
28%
Bolivia 237,480 Sucre
28%
Brazil 416,423 Macapá
27%
Brazil 322,869 Vitória
27%
Argentina 291,327 Bahía Blanca
26%
Brazil 440,530 Porto Velho
26%
Brazil 532,324 Londrina
25%
Venezuela 454,200 Barcelona
23%
Paraguay 325,819 Ciudad del Este
23%
Colombia 492,554 Ibagué
23%
Argentina 231,198 Neuquén
22%
Peru 450,900 Huancayo
21%
Chile 125,932 Punta Arenas
21%
Brazil 275,110 Santarém
21%
Peru 334,000 Tacna
20%
Chile 219,057 Concepción
19%
Ecuador 361,524 Cuenca
19%
Brazil 311,310 Palmas
19%
Argentina 175,196 Comodoro Rivadavia
18%
Chile 189,065 Iquique
17%
Colombia 319,700 Pasto
17%
Chile 236,377 Temuco
17%
Brazil 366,171 Pelotas
16%
Argentina 290,723 Resistencia
16%
Argentina 252,192 Santiago del Estero
15%
Peru 316,900 Juliaca
14%
Colombia 388,499 Montería
14%
Argentina 275,028 Posadas
14%
Brazil 476,448 São José do Rio Preto
14%
Brazil 346,310 Uberaba
14%
Brazil 345,720 Cascavel
13%
Brazil 391,608 Montes Claros
13%
Colombia 354,800 Neiva
13%
Uruguay 114,084 Salto
13%
Venezuela 447,283 Maturín
12%
Brazil 271,070 Santa Maria
12%
Bolivia 179,561 Tarija
12%
Ecuador 155,487 Esmeraldas
10%
Brazil 273,550 Imperatriz
9%
Ecuador 288,072 Machala
9%
Venezuela 289,800 Mérida
9%
Brazil 209,580 Sinop
9%
Venezuela 260,173 San Cristóbal
8%
Bolivia 101,454 Trinidad
8%
Ecuador 244,129 Portoviejo
7%
Brazil 224,290 Presidente Prudente
7%
Venezuela 231,600 Coro
6%
Peru 133,200 Huaraz
5%
Brazil 257,770 São Carlos
5%
Brazil 165,350 Sobral
4%
Colombia 121,300 Sogamoso
4%
Venezuela 179,333 El Tigre
3%
Brazil 193,450 Itabuna
3%
No matching quizzes found
Score Distribution
Percent of People with Each Score
Percentile by Number Answered
Your Score History
You have not taken this quiz